| 000 | 01013nam a2200229 a 4500 | ||
|---|---|---|---|
| 003 | BD-DhJNU | ||
| 005 | 20260423073120.0 | ||
| 008 | 260508s2023 bg |||g |||| 000 1|ben|d | ||
| 020 | _a9789393063533 | ||
| 040 |
_aBD-DhJNU _bben _cBD-DhJNU _dBD-DhJNU |
||
| 041 | _aben | ||
| 082 |
_a704.042 GHB _223 |
||
| 100 | _aঘোষ, মৃণাল | ||
| 245 | 1 | 0 |
_aভারতের আধুনিক শিল্পকলার নারীবিশ্ব / _cমৃণাল ঘোষ |
| 246 | _aBharoter adhunik shilpokalar nariwishwa | ||
| 260 |
_aকলকাতা : _bভিসারত আর্ট পাবলিকেশন, _c2023. |
||
| 300 |
_a৪১৩ পৃ. : _bচিত্র ; _c২২ সেমি.। |
||
| 504 | _aগ্রন্থপঞ্জিগত নির্দেশিকা ও নিঘন্ট অন্তভূক্ত | ||
| 650 | _aনারী শিল্পী -- ভারত -- জীবনী | ||
| 650 | _aWomen artists -- India -- Biography | ||
| 942 | _cBK | ||
| 999 |
_c2718 _d2718 |
||